大学の出版社 - Statistics

General Stats
  • This quiz has been taken 26 times
  • The average score is 16 of 40
Answer Stats
出版社番号 Answer その後の名称 % Correct
13 東京大学 出版会
92%
88659 東京大学 附属図書館
92%
8140,87698 京都大学 学術出版会
88%
657 早稲田大学 出版部
84%
7664 慶應義塾大学 出版会
84%
7985,87378 九州大学 出版会
84%
87780 九州大学 応用力学研究所
84%
8158 名古屋大学 出版会
80%
8329 北海道大学 出版会
80%
87259 大阪大学 出版会
80%
588 法政大学 出版局
68%
8057 中央大学 出版部
68%
86009 神戸大学 経済経営研究所
60%
86637 広島大学 高等教育研究開発センター
60%
88168 上智大学 比較文化研究所
60%
89418 広島大学 学校教育学部
60%
87354 関西大学 出版会
56%
88125 専修大学 出版部
52%
88753 東洋大学
52%
595 放送大学 教育振興会
44%
486 東海大学 出版部
36%
88655 東京理科大学
36%
87700 国際大学 日米関係研究所
32%
86302 創価大学 通信教育部
28%
472 玉川大学 出版部
12%
86154 佛教大学 通信教育部
12%
88694 東京農業大学 出版会
12%
382 産業能率大学 出版部
8%
86609,907630 城西大学 出版会
8%
87528 高野山大学 出版部
8%
501 東京電機大学 出版局
4%
86463,901631 武蔵野美術大学 出版局
4%
87204 大阪経済法科大学 出版部
4%
87644 皇学館大学 出版会
4%
89205 麗澤大学 出版会
4%
89549 明星大学 出版部
4%
7749 京都造形芸術大学 通信教育部
0%
7862 昭和女子大学 出版会
0%
7895 女子栄養大学 出版部
0%
89230 東京富士大学 出版局
0%
No matching quizzes found
Score Distribution
Percent of People with Each Score
Percentile by Number Answered
Your Score History
You have not taken this quiz